000 00367nam a22001457a 4500
999 _c197374
_d197374
008 230822b ||||| |||| 00| 0 eng d
082 _a920-VER
100 _aVerma, B.G.
245 _aOur Leaders (Part-3)
_hEnglish
260 _aDelhi
_bA.I.C.B.
_cRohini
270 _aA.I.C.B. Rohini, Delhi
300 _a12x13
490 _v1-2
942 _2ddc
_cBRLEN
_k920
_mVER